00685nam a22001697a 4500008004000000020001700040050002900057100001700086245009200103250001100195260005000206300002800256440001300284500014600297504003700443650003500480121025t sp||||| |||| 00| 0 esp d a97884962463504aML156 .4 .O46 bA55 20081 aAlier, Roger11a¿Qué es esto de la ópera? :bIntroducción al mundo de la lírica /cRoger Alier a1a ed. a´Barcelona, España :bMa non tropo, c2008 a287 p. :bil. ;c24 cm. 0aMúsica adato tomado de la pasta : Una genial guía de la divulgación sobre la ópera y sus compasitores, sus obras, los cantantes, los teatros... aInlcuye bibliografias e índice 72LEMBaOperaxCritica y estudio